Statistics for Women's Tennis Rankings 2015

Click here to take the quiz!

General Stats

  • This quiz has been taken 290 times
    (207 since last reset)
  • The average score is 21 of 32

Answer Stats

Rank Country Answer % Correct
7USAVenus Williams
100%
1USASerena Williams
100%
4RussiaMaria Sharapova
94%
10GermanyAngelique Kerber
93%
2RomaniaSimona Halep
90%
5PolandAgnieszka Radwanska
88%
6Czech RepublicPetra Kvitova
88%
3SpainGarbiƱe Muguruza
86%
17DenmarkCaroline Wozniacki
83%
22BelarusVictoria Azarenka
81%
16SerbiaAna Ivanovic
77%
8ItalyFlavia Pennetta
77%
14SwitzerlandBelinda Bencic
69%
13SpainCarla Suarez Navarro
68%
15ItalyRoberta Vinci
66%
21SerbiaJelena Jankovic
65%
27AustraliaSamantha Stosur
62%
20ItalySara Errani
61%
11Czech RepublicKarolina Pliskova
60%
9Czech RepublicLucie Safarova
59%
18USAMadison Keys
58%
19UkraineElina Svitolina
56%
30USASloane Stephens
51%
24GermanyAndrea Petkovic
48%
25RussiaSvetlana Kuznetsova
47%
32GermanySabine Lisicki
47%
29FranceKristina Mladenovic
44%
12SwitzerlandTimea Bacsinszky
38%
23RussiaEkaterina Makarova
34%
31RomaniaIrina-Camelia Begu
34%
28RussiaAnastasia Pavlyuchenkova
28%
26SlovakiaAnna Karolina Schmiedlova
16%

Score Distribution

Percentile by Number Answered

Percent of People with Each Score

Your Score History

You have not taken this quiz since the last reset